Responses for Show #4971 - Monday, April 3, 2006

Contestants

[<< previous game]

Rena Miller, a university instructor from Victoria, British Columbia, Canada

Wendy Brown, a shipping manager from Portland, Oregon

Craig Mobley, a switchboard manager from Albuquerque, New Mexico (whose 1-day cash winnings total $10,000)

[next game >>]

Jeopardy! Round responses

PRIME MINISTERS OF ISRAEL
SPORTS-POURRI
THINGS ARCHITECTS SHOULD KNOW
WHERE THE "H" IS IT?
19th CENTURY LIFE
ABBREV.
    $200 4
(Wendy: Who is Gandhi?)
...
(Alex: Prime ministers of Israel, not India, here, now.)

Golda Meir

CraigWendy
    $200 16
Cracker Jacks

Wendy
    $200 21
(Craig: What is a beam?)
...
(Alex: Correct response--what is [*]? A beam is not upright. A beam is sideways.)

a stud

Craig
Triple Stumper
    $200 1
Havana

Craig
    $200 26
[The end-of-round signal sounds.]

balls

Rena
    $200 11
grade point average

Wendy
    $400 5
Ben-Gurion

Craig
    $400 17
David Letterman

Wendy
    $400 22
(Rena: Wh--)
(Alex: Oh, too bad.)
(Rena: What is [*]!)
(Craig: What is a sill?)
(Alex: No. Correct response, Rena, is [*], but you were too late. Sorry about that.)

a sash

CraigRena
Triple Stumper
    $400 2
Hong Kong

Wendy
    $400 12
(Craig: What is the Securities Exchange Commission?)
...
(Alex: You left out an important word in the delineation. It's [*].)

Securities and Exchange Commission

Craig
Triple Stumper
    $600 6
(Rena: Who is Rabin?)
(Wendy: Who is Begin?)

Shimon Peres

WendyRena
Triple Stumper
    $600 18
(Alex: And that was [*] of the San Francisco 49ers.)

Joe Montana

Triple Stumper
    $600 23
(Wendy: What is the beam?)
...
(Alex: We have less than a minute to go, and I'm sure you are eager for the end of this round.)

roof rafters

Wendy
Triple Stumper
    $600 3
(Wendy: What is Hanoi?)
(Craig: What is Hong Kong?)

Ho Chi Minh City

CraigWendyRena
    $600 13
public service announcement

Wendy
    $1,000 7
(Craig: Who are Rabin...)
(Alex: That's one... And?)
(Rabin: And Perlman?)

Rabin & Shamir

Craig
    $800 19
(Alex: Larry David's show is called [*].)

Curb Your Enthusiasm

Triple Stumper
    $800 24
a church

Wendy
    $800 9
Hialeah

Craig
    $800 14
(Rena: What is the Universal Packaging Code?)
(Wendy: What is the Universal Price Code?)

Universal Product Code

WendyRena
Triple Stumper
    $1000 8
Begin

Craig
    $1000 20
Bill Belichick

Triple Stumper
    $1000 25
bricks

Triple Stumper
    $1000 10
Haiti

Wendy
    $1000 15
(Alex: The game is chess, and CHM is [*].)

checkmate

Triple Stumper

Scores at the first commercial break (after clue 15):

Craig Wendy Rena
$600 $0 -$800

Scores at the end of the Jeopardy! Round:

Craig Wendy Rena
$0 $800 -$1,000

Double Jeopardy! Round responses

MADISON
THAT'S SHOW BIZ
THE COURAGE TO "B"
WHAT'S THE CONFLICT IN THIS STORY?
(Alex: We want you to name the miliary conflict at the center of each work.)
HOLD THE FORT
DESERT LIFE
(Sarah: Some of the remarkable creatures of the Southwestern United States.)
    $400 26
Wisconsin

Wendy
    $400 3
carrots

Craig
    $400 8
a blowhole

Rena
    $400 1
the Crimean War

Rena
    $400 21
(Craig: What is Bragg?)
...
(Alex: A minute to go, now, Craig.)

Fort Knox

Craig
Triple Stumper
    $400 16
[Rena gave both listed responses.]

regal (or royal)

Rena
    $800 27
December

Craig
    $800 4
George Clooney

Wendy
    $800 12
the Boy Scouts

Craig
    $800 2
the Trojan War

Craig
    $800 22
[ERRATUM: The fort was Fort Pickens, not Fort Dickens.]

Geronimo

Rena
    $800 17
a roadrunner

Craig
    $1200 28
[The end-of-round signal sounds.]

(Frank Lloyd) Wright

Craig
    $1200 5
Tommy Lee

Wendy
    $1200 13
Buenos Aires

Craig
    $1200 9
the Spanish Civil War

Rena
    $1200 23
Albany

Craig
    $1200 18
red

Rena
    $1,000 6
The Good, the Bad and the Ugly

Wendy
    $1600 14
(Alex: The region is Bengal; the word that comes from it is [*].)

bungalow

Triple Stumper
    $1600 10
the Russian Revolution

Rena
    $1600 24
Fort Necessity

Rena
    $1600 19
a century plant

Rena
    $2000 7
Garry Shandling

Triple Stumper
    $2000 15
(Rena: Who is Bogota?)
(Alex: No.)
(Rena: [*]? Who is [*]?)
...
(Alex: The problem there, Rena, is that I said "No" after you said Bogota and we can't allow you to recapture your, uh, response.)

Bolivar

WendyRena
    $1,500 11
the Peloponnesian Wars

Rena
    $2000 25
the Santa Fe Trail

Craig
    $2000 20
bone

Craig

Scores at the end of the Double Jeopardy! Round:

Craig Wendy Rena
$10,800 $6,200 $7,700

[wagering suggestions for these scores]

Final Jeopardy! Round responses

AMERICAN AUTHORS
(Alex: And the motion picture that was based on that first novel was a big, big winner also.)
...
(Alex: The book, the first novel, was em, um, um, um, um, um... Jaws--and the author was [*].)
WendyWho was
$6,199
RenaWho is S.J. Perelman
$7,699
CraigWho is Will Rogers?
$4,601
Peter Benchley

Final scores:

Craig Wendy Rena
$6,199 $1 $1
2-day champion: $16,199 3rd place: $1,000 2nd place: $2,000

Game dynamics:

Coryat scores:

Craig Wendy Rena
$11,800 $6,800 $8,200
15 R,
6 W
(including 1 DD)
12 R
(including 1 DD),
5 W
12 R
(including 1 DD),
4 W

Combined Coryat: $26,800

[game clues] [game scores] [suggest correction]

Game tape date: 2006-03-08
The J! Archive is created by fans, for fans. Scraping, republication, monetization, and malicious use prohibited; this site may use cookies and collect identifying information. See terms. The Jeopardy! game show and all elements thereof, including but not limited to copyright and trademark thereto, are the property of Jeopardy Productions, Inc. and are protected under law. This website is not affiliated with, sponsored by, or operated by Jeopardy Productions, Inc. Join the discussion at JBoard.tv.